LEADER 00983nam a2200241 u 4500 001 000000091776 003 CaOOAMICUS 005 20070226124851.0 008 060327s1971 gw u000 u ger u 035 $a11083278 040 $aPUL(R)$bita 100 1 $aHusserl, Edmund,$d1859-1938.$0(OLS)http://pul/name/10441 245 10$aPhilosophie als strenge Wissenschaft b/ /$cEdmund Husserl. 260 $aFrankfurt am Main :$bV. Klostermann,$c1971. 300 $a107 p. ;$c20 cm 490 1 $aQuellen der Philosophie ;$vBd. 1 504 $aBibliografia in nota. 830 0$aQuellen der Philosophie ;$vBd. 1.$0(OLS)http://pul/title/118445 850 $aPUL 852 $aPUL$W1$xDP1 Fondo Seidl$y56$m3 A 10$j115012$nBK-PRI$b $qFondi$B115535$CPULBib$Z2$F115535 $HPUL91744 $81 941 1 $a1 996 $6245$aPhilosophie als strenge Wissenschaft b/$9(OLS)http://pul/title/118444 996 $6260$aFrankfurt am Main :$bV. Klostermann$9(OLS)http://pul/publisher/49862